[Event "DEM U12/U12w 2008"]
[Site "Willingen GER"]
[Date "2008.05.16"]
[Round "9"]
[White "Priese, Annika"]
[Black "Wulf, Constanze"]
[Result "1-0"]
[Termination "normal"]
[Board "44"]
[WhiteElo "1256"]
[BlackElo "1047"]
[PlyCount "53"]
[WhiteFideId "24673730"]
[BlackFideId "24692379"]
[EventCountry "GER"]
[EventRounds "11"]
[EventType "swiss"]
[EventDate "2008.05.10"]

1. e4 d6 2. d4 Nf6 3. Nc3 g6 4. f4 Bg7 5. Nf3 c6 6. Bd3 a6 7. O-O O-O 8. Qe2
Qc7 9. e5 dxe5 10. dxe5 Nd5 11. g3 Bg4 12. Qf2 Nxc3 13. bxc3 Nd7 14. Rb1 Rad8
15. Ba3 Rfe8 16. Rfe1 e6 17. Kg2 Bxf3+ 18. Qxf3 b5 19. h4 Rc8 20. h5 Nb6 21.
hxg6 fxg6 22. Qg4 Kh8 23. Rh1 Kg8 24. Rxh7 Kxh7 25. Qxg6+ Kg8 26. Qh7+ Kf7 27.
Bg6# 1-0

[Event "DEM U12/U12w 2008"]
[Site "Willingen GER"]
[Date "2008.05.16"]
[Round "9"]
[White "Hauffen, Franziska"]
[Black "Paliy, Margaryta"]
[Result "1-0"]
[Termination "normal"]
[Board "45"]
[WhiteElo "1143"]
[BlackElo "934"]
[PlyCount "43"]
[BlackFideId "24692417"]
[EventCountry "GER"]
[EventRounds "11"]
[EventType "swiss"]
[EventDate "2008.05.10"]

1. e4 e5 2. Nf3 Nc6 3. Bc4 Nf6 4. Ng5 d5 5. exd5 Nxd5 6. O-O Qxg5 7. Bxd5 Bh3
8. d3 Qg6 9. Nc3 Ne7 10. Bxb7 Rb8 11. Be4 f5 12. Bf3 Rd8 13. Bh5 Bg4 14. Bxg6+
Nxg6 15. f3 Bxf3 16. Qxf3 f4 17. Qc6+ Rd7 18. d4 exd4 19. Re1+ Ne7 20. Nd5 Kd8
21. Nxe7 Bxe7 22. Qa8# 1-0

[Event "DEM U12/U12w 2008"]
[Site "Willingen GER"]
[Date "2008.05.16"]
[Round "9"]
[White "Fischer, Maxi"]
[Black "Triantafillidis, Katherina"]
[Result "1-0"]
[Termination "normal"]
[Board "46"]
[WhiteElo "1026"]
[BlackElo "993"]
[PlyCount "57"]
[WhiteFideId "24692395"]
[BlackFideId "24692409"]
[EventCountry "GER"]
[EventRounds "11"]
[EventType "swiss"]
[EventDate "2008.05.10"]

1. e4 e5 2. Nf3 Nc6 3. Bc4 Nf6 4. Ng5 d5 5. exd5 Nxd5 6. Nxf7 Kxf7 7. Qf3+ Ke8
8. Bxd5 Qe7 9. O-O Bd7 10. Nc3 a6 11. Re1 Qf6 12. Qe4 Bd6 13. d4 Rf8 14. Be3
Qf5 15. Qxf5 Rxf5 16. Bd2 Kd8 17. dxe5 Bxe5 18. Rab1 Bd4 19. Be3 Bxe3 20. Rxe3
Rb8 21. Rd1 Nb4 22. Be6 Ra5 23. Rxd7+ Ke8 24. Bf5+ Kf8 25. Bxh7 Nxa2 26. Rf3+
Ke8 27. Rxg7 Nxc3 28. Bg6+ Kd8 29. Rf8# 1-0

[Event "DEM U12/U12w 2008"]
[Site "Willingen GER"]
[Date "2008.05.16"]
[Round "9"]
[White "Bohm, Stephanie"]
[Black "Ludwig, Maria"]
[Result "1-0"]
[Termination "normal"]
[Board "47"]
[WhiteElo "888"]
[BlackElo "866"]
[PlyCount "49"]
[BlackFideId "24655791"]
[EventCountry "GER"]
[EventRounds "11"]
[EventType "swiss"]
[EventDate "2008.05.10"]

1. c4 e5 2. Nc3 Nf6 3. d3 Bb4 4. g3 d5 5. Qa4+ Nc6 6. a3 Bxc3+ 7. bxc3 Bd7 8.
Qb3 d4 9. Nf3 O-O 10. Bb2 dxc3 11. Qxc3 Re8 12. e3 a6 13. Bg2 b5 14. cxb5 axb5
15. O-O Bg4 16. Qxc6 Bxf3 17. Bxf3 Qxd3 18. Rfd1 Qf5 19. Bg2 Ng4 20. Qf3 Qxf3
21. Bxf3 Nf6 22. Bxa8 Rxa8 23. Bxe5 Nd7 24. Rxd7 h6 25. Rxc7 1-0